Central Library OPAC University of Rajshahi

প্রাণবিজ্ঞানে পরিসংখ্যান / (Record no. 48566)

MARC details
000 -LEADER
fixed length control field 00936nam a2200253 a 4500
001 - CONTROL NUMBER
control field 48566
003 - CONTROL NUMBER IDENTIFIER
rucl marc code BD-RjUL
005 - DATE AND TIME OF LATEST TRANSACTION
control field 20211209054539.0
008 - FIXED-LENGTH DATA ELEMENTS--GENERAL INFORMATION
fixed length control field 160814s2000 b ||||| |||| 00| 0 eng d
020 ## - INTERNATIONAL STANDARD BOOK NUMBER
International Standard Book Number 9840740849
Terms of availability : Tk.140.00
035 ## - SYSTEM CONTROL NUMBER
System control number (BD-RjUL)48685
040 ## - CATALOGING SOURCE
Original cataloging agency BD-RjUL
Language of cataloging ben
Transcribing agency BD-RjUL
041 ## - LANGUAGE CODE
Language code of text/sound track or separate title ben
082 ## - DEWEY DECIMAL CLASSIFICATION NUMBER
Edition number 23
Classification number 570
Author mark and year BHP 2000
100 ## - MAIN ENTRY--PERSONAL NAME
Personal name ভূঞাঁ, কেশব চন্দ্র
9 (RLIN) 146744
245 10 - TITLE STATEMENT
Title প্রাণবিজ্ঞানে পরিসংখ্যান /
Statement of responsibility, etc. কেশব চন্দ্র ভূঞাঁ, স্ব্পন কুমার ধর
260 ## - PUBLICATION, DISTRIBUTION, ETC. (IMPRINT)
Place of publication, distribution, etc. ঢাকা :
Name of publisher, distributor, etc. বাংলা একাডেমী,
Date of publication, distribution, etc. ২০০০
300 ## - PHYSICAL DESCRIPTION
Pagination ১ম খণ্ড
505 0# - FORMATTED CONTENTS NOTE
Formatted contents note খণ্ড -- ১ম
650 ## - SUBJECT ADDED ENTRY--TOPICAL TERM
Source of heading or term জীবন বিজ্ঞান
Topical term or geographic name as entry element Life sciences
9 (RLIN) 146060
700 ## - ADDED ENTRY--PERSONAL NAME
Personal name ধর, স্ব্পন কুমার
942 ## - ADDED ENTRY ELEMENTS (KOHA)
Source of classification or shelving scheme Dewey Decimal Classification
Koha item type Books
Holdings
Lost status Source of classification or shelving scheme Damaged status Not for loan Collection code Permanent Location Current Location Shelving location Date acquired Source of acquisition Cost, normal purchase price Total Checkouts Full call number Date last seen Copy number Koha item type
  Dewey Decimal Classification     Non-fiction Central Library, University of Rajshahi Central Library, University of Rajshahi   19/07/2012 Bangla Academy, Dhaka 140.00   B 570 BHP V-1 2000 14/08/2016 C-2 Books
  Dewey Decimal Classification   Not For Loan Non-fiction Central Library, University of Rajshahi Central Library, University of Rajshahi Reading Room 19/07/2012 Dhaka, Bangla Academy 140.00   B 570 BHP V-1 2000 30/04/2017 C-1 Books